[Event "FRA-ch Blitz Online Qual"]
[Site "Europe Echecs INT"]
[Date "2020.05.16"]
[Round "13"]
[White "Courbi, Stephane"]
[Black "Redjem, Mohamed"]
[Result "0-1"]
[WhiteElo "1955"]
[BlackElo "1777"]
[PlyCount "44"]
[EventDate "2020.05.16"]
[EventType "swiss (blitz)"]
[EventRounds "15"]
[EventCountry "FRA"]
[SourceTitle "CBM 196 Extra"]
[Source "ChessBase"]
[SourceDate "2020.07.31"]
[SourceVersion "1"]
[SourceVersionDate "2020.07.31"]
[SourceQuality "1"]

1. e4 d5 2. exd5 Qxd5 3. Nc3 Qa5 4. Bc4 c6 5. Nf3 Nf6 6. d3 Bg4 7. Bd2 e6 8. h3 Qh5 9. Qe2 Bxf3 10. gxf3 Be7 11. 0-0-0 Nbd7 12. Rhg1 g6 13. Rg5 Qh4 14. Rg3 Bd6 15. Bg5 Qh5 16. Bxe6 fxe6 17. Qxe6+ Be7 18. Re1 0-0-0 19. Rgg1 Rde8 20. Qb3 Bc5 21. Ne4 Nxe4 22. dxe4 Bxf2 0-1

[Event "FRA-ch Blitz Online Qual"]
[Site "Europe Echecs INT"]
[Date "2020.05.16"]
[Round "15"]
[White "Daeschler, Florian"]
[Black "Redjem, Mohamed"]
[Result "1/2-1/2"]
[WhiteElo "2322"]
[BlackElo "1777"]
[PlyCount "128"]
[EventDate "2020.05.16"]
[EventType "swiss (blitz)"]
[EventRounds "15"]
[EventCountry "FRA"]
[SourceTitle "CBM 196 Extra"]
[Source "ChessBase"]
[SourceDate "2020.07.31"]
[SourceVersion "1"]
[SourceVersionDate "2020.07.31"]
[SourceQuality "1"]

1. d4 d5 2. c4 e6 3. Nf3 Nf6 4. g3 c6 5. Bg2 Be7 6. 0-0 0-0 7. Nbd2 Ne4 8. Nxe4 dxe4 9. Ne1 f5 10. f3 exf3 11. Nxf3 Nd7 12. Bf4 Nf6 13. Ne5 Qb6 14. Qd2 Rd8 15. e3 Bd7 16. c5 Qa6 17. Rfd1 Be8 18. Bf1 b5 19. a4 Qb7 20. axb5 Bxc5 21. bxc6 Bxc6 22. Nxc6 Qxc6 23. Bg2 Ne4 24. Qc2 Qb5 25. dxc5 Rxd1+ 26. Rxd1 Rc8 27. Bxe4 Rxc5 28. Qd3 fxe4 29. Qxb5 Rxb5 30. Rd2 a5 31. Kf2 Kf7 32. Ke2 h6 33. g4 Kf6 34. Rc2 e5 35. Bg3 a4 36. Be1 Kg5 37. h3 h5 38. gxh5 Kxh5 39. Bc3 Rc5 40. Rc1 Kh4 41. Rg1 g5 42. Rg4+ Kxh3 43. Rxg5 a3 44. Rh5+ Kg4 45. Rxe5 axb2 46. Bxb2 Rc2+ 47. Kd1 Rxb2 48. Rxe4+ Kf3 49. Re8 Rb1+ 50. Kd2 Rb2+ 51. Kc3 Rb7 52. e4 Kf4 53. Kd4 Rd7+ 54. Kc5 Rd1 55. Re7 Re1 56. Kd5 Rd1+ 57. Kc4 Re1 58. Rf7+ Ke5 59. Re7+ Kf4 60. Kd3 Rd1+ 61. Ke2 Rd4 62. e5 Re4+ 63. Kd3 Rxe5 64. Rxe5 Kxe5 1/2-1/2

[Event "FRA-ch Blitz Online Qual"]
[Site "Europe Echecs INT"]
[Date "2020.05.16"]
[Round "2"]
[White "Redjem, Mohamed"]
[Black "Djidjeli, Sofiane"]
[Result "0-1"]
[WhiteElo "1777"]
[BlackElo "2209"]
[PlyCount "122"]
[EventDate "2020.05.16"]
[EventType "swiss (blitz)"]
[EventRounds "15"]
[EventCountry "FRA"]
[SourceTitle "CBM 196 Extra"]
[Source "ChessBase"]
[SourceDate "2020.07.31"]
[SourceVersion "1"]
[SourceVersionDate "2020.07.31"]
[SourceQuality "1"]

1. d4 d5 2. c4 c6 3. Nc3 Nf6 4. cxd5 cxd5 5. Bg5 Ne4 6. Nxe4 dxe4 7. f3 exf3 8. Nxf3 h6 9. Bf4 Bf5 10. e3 Qa5+ 11. Kf2 e6 12. Bd3 Bxd3 13. Qxd3 Nc6 14. Rhd1 Be7 15. a3 Rd8 16. b4 Qh5 17. Kg1 0-0 18. Qb3 Bf6 19. Bg3 Qd5 20. Qc2 Qb5 21. Rac1 a5 22. Qc5 Qxc5 23. bxc5 Rd7 24. Rb1 Rfd8 25. Rb6 e5 26. d5 Rxd5 27. Rxd5 Rxd5 28. Rxb7 Rxc5 29. h3 Rc1+ 30. Kh2 Rc3 31. Rc7 e4 32. Nd4 Bxd4 33. exd4 Rc2 34. d5 Nd4 35. Rxc2 Nxc2 36. d6 Kf8 37. d7 Ke7 38. Bc7 Kxd7 39. Bxa5 Nxa3 40. Bc3 g6 41. Kg3 Ke6 42. Kf4 Nb5 43. Bb4 Nd6 44. Bxd6 Kxd6 45. Kxe4 Ke6 46. g3 Kf6 47. Kf4 Ke6 48. Ke4 f5+ 49. Kf4 Kf6 50. h4 g5+ 51. hxg5+ hxg5+ 52. Kf3 Ke5 53. Ke3 Kd5 54. Kf3 Kd4 55. Ke2 Ke4 56. Kf2 Kd3 57. Kf3 Kd2 58. Kf2 g4 59. Kg2 Ke2 60. Kg1 Kf3 61. Kh2 Kf2 0-1